| 000 | 00426cam a22001694a 4500 | ||
|---|---|---|---|
| 005 | 20250605163538.0 | ||
| 008 | 250528s ||||||||||||||||||||||||d | ||
| 035 | _a21473 | ||
| 040 |
_aGR-AtMCL _bgre _dGR-AtMCL _eAACR2 |
||
| 245 | 1 | _aΠΟΛΙΤΙΚΗ ΟΙΚΟΝΟΜΙΑ | |
| 250 | _a1 | ||
| 260 |
_bΠανεπιστημιο Αθηνων, _c1994 |
||
| 300 | _a186 | ||
| 942 | _cBK | ||
| 999 |
_c6535 _d6535 |
||